Paroles - C'est carré le S - Naps Gazo Ninho - Statistiques

Statistiques générales
  • Ce quiz a été pris 278 fois
  • Le résultat moyen est 154 sur 437
Statistiques - réponses
Paroles % Correct
S
99%
ça
98%
Ce
97%
le
97%
carré
95%
La
85%
la
85%
c'est
84%
C'est
84%
(c'est
84%
dans
84%
a
82%
à
82%
j'suis
80%
espèce
76%
de
74%
en
74%
pris
70%
j'en
69%
ai
67%
Louis
64%
six
64%
(six)
64%
sacs
63%
des
61%
dès
61%
Et
61%
et
61%
j'paye
61%
Vuitton
61%
un
60%
On
59%
on
59%
(on
59%
tu
59%
garde
55%
il
54%
pêche
54%
(pêche)
54%
rien
53%
Rien
53%
j'ai
52%
Montana
51%
kich'
50%
kich
50%
kich)
50%
comme
48%
peu
47%
plus
47%
dis
46%
N.I
46%
recompté
46%
avocats
45%
Cigare
45%
m'as
45%
mes
44%
qu'à
43%
Havana
42%
manquait
42%
vert
42%
y
42%
l'Carrera
40%
Naps
40%
est
38%
ta
38%
verra
38%
mais
37%
pomme
37%
banane
35%
mi
35%
Gazo
33%
les
32%
Okay
32%
(Okay)
32%
sur
32%
ah
31%
(Ah)
31%
avec
28%
esquiver
27%
go
27%
(Go)
27%
20K
26%
mala
26%
j'dois
25%
loca
25%
pas
25%
gangx
23%
mieux
23%
soir
23%
noir
22%
sort
22%
toi
22%
fais
21%
(Eh)
20%
fume
19%
Gotham
19%
moi)
19%
encore
18%
sexy
18%
du
17%
j'parles
17%
La-la-la
17%
pour
17%
t"en
17%
frappe
16%
single
16%
elle
15%
(elle
15%
j'me
15%
RS
15%
amor
14%
or
14%
Merde
13%
plutôt
13%
(Plutôt
13%
quand
13%
sport
13%
alors
12%
ice
12%
nana
12%
tah
12%
(Tah
12%
t'intéresse
12%
vingt-milles
12%
coeur
11%
faut
11%
Hennessy
11%
Marseille
11%
Nador
11%
Paris
11%
qu'elle
11%
survêt
11%
classico
10%
croit
10%
manana
10%
Mexico
10%
qu'tenlèves
10%
qu't'enlèves
10%
roupille
10%
X.O
10%
baby
9%
bon
9%
c'qui
9%
d'ice
9%
Madrid
9%
(Nion)
9%
qu'on
9%
remplie
9%
sent
9%
sportif
9%
tickets
9%
tout
9%
bogosse
8%
debout
8%
Jimmy
8%
l'Atlético
8%
pu
8%
sors
8%
veut
8%
Choo
7%
diamants
7%
excès
7%
hits
7%
j'récupère
7%
Pressing
7%
réflexes
7%
chute
6%
doua-dane
6%
jusqu'à
6%
l'single
6%
Merco
6%
Merco)
6%
(Ouh)
6%
pookie
6%
(Sinon
6%
descendre
5%
Dis-moi
5%
d'Versace
5%
entre
5%
flûte
5%
j'garde
5%
(j'garde
5%
j'm'en
5%
j'sors
5%
longtemps
5%
mets
5%
n'est
5%
roc-Ma)
5%
(Smoke)
5%
Tanger)
5%
temps
5%
trop
5%
celle
4%
chichis
4%
danger)
4%
d'champagne
4%
Dior
4%
hazi
4%
j'mets
4%
piles
4%
prédit
4%
suite
4%
t'achètes
4%
bouteille)
3%
deux
3%
donner
3%
(Ice ice)
3%
j'repars
3%
j'vais
3%
m'avait
3%
(Nion-nion)
3%
(Nion nion)
3%
Pluggé
3%
T-max
3%
back)
2%
busy
2%
ça fume
2%
changer)
2%
Cheesy
2%
d'boulette
2%
(Gamberge)
2%
(Guette
2%
(Hey eh)
2%
j'susi
2%
(Loca eh)
2%
mis
2%
(sace sace)
2%
(té-ma
2%
trou
2%
j'm'enfume
1%
manquiat
1%
points
1%
techniques)
1%
(hey hey)
0%
Koh Phi Phi
0%
(Mmh)
0%
s'mets
0%
(Sur le Dior)
0%
(t'en donner encore)
0%
Aucun quiz correspondant
Distribution des résultats
% des personnes avec chaque résultat
Percentile par nombre de réponses
Votre historique - résultats
Vous n’avez pas pris ce quiz